JR東京駅から(へ)在来線に乗車し乗換なしで行ける駅(1991年) - Statistics

General Stats
  • This quiz has been taken 122 times
    111 since last reset
  • The average score is 316 of 475
Answer Stats
路線 駅名 % Correct
上野
98%
横浜
98%
京浜東北線 大宮
95%
浜松
95%
神田
94%
田端
93%
品川
93%
川崎
93%
新宿
93%
目黒
93%
西日暮里
91%
日暮里
91%
御徒町
91%
秋葉原
91%
有楽町
91%
新橋
91%
浜松町
91%
蒲田
91%
池袋
91%
目白
91%
高田馬場
91%
代々木
91%
渋谷
91%
四ツ谷
91%
中野
91%
国分寺
91%
立川
91%
八王子
91%
91%
浦和
90%
田町
90%
大船
90%
新大久保
90%
原宿
90%
恵比寿
90%
五反田
90%
大崎
90%
御茶ノ水
90%
荻窪
90%
高尾
90%
赤羽
89%
鶯谷
89%
駒込
89%
巣鴨
89%
大塚
89%
高円寺
89%
阿佐ヶ谷
89%
三鷹
89%
西国分寺
89%
川口
88%
大井町
88%
大森
88%
鶴見
88%
根岸線 桜木町
88%
水道橋
88%
飯田橋
88%
東中野
88%
西荻窪
88%
吉祥寺
88%
武蔵小金井
88%
大月
88%
南浦和
86%
大久保
86%
豊田
86%
熱海
86%
東神奈川
85%
信濃町
85%
日野
85%
甲府
85%
国府津
85%
三島
85%
富士
85%
西川口
84%
関内
84%
国立
84%
青梅
84%
奥多摩
84%
小田原
84%
御殿場
84%
伊東
84%
与野
83%
北浦和
83%
根岸
83%
磯子
83%
市ヶ谷
83%
松本
83%
藤沢
83%
茅ヶ崎
83%
二宮
83%
沼津
83%
静岡
83%
東十条
81%
王子
81%
新子安
81%
千駄ヶ谷
81%
西八王子
81%
戸塚
81%
平塚
81%
名古屋
81%
武蔵境
80%
相模湖
80%
拝島
80%
湯河原
80%
伊豆急下田
80%
東海道線 函南
80%
岡山
80%
千葉
80%
79%
東小金井
79%
青梅線 西立川
79%
武蔵五日市
79%
大磯
79%
豊橋
79%
岐阜
79%
大阪
79%
新杉田
78%
港南台
78%
上諏訪
78%
下諏訪
78%
塩尻
78%
河口湖
78%
鴨宮
78%
根府川
78%
京都
78%
上中里
76%
本郷台
76%
上野原
76%
小淵沢
76%
岡谷
76%
辻堂
76%
早川
76%
真鶴
76%
岡崎
76%
山陽本線 姫路
76%
広島
76%
九州島内 小倉
76%
博多
76%
高松
76%
新日本橋
76%
石川町
75%
山手
75%
洋光台
75%
山梨市
75%
茅野
75%
金山
75%
米原
75%
熊本
75%
鎌倉
75%
成田線 成田
75%
韮崎
74%
清水
74%
大垣
74%
倉敷
74%
下関
74%
横須賀
74%
北鎌倉
74%
東戸塚
74%
保土ケ谷
74%
四方津
73%
石和
73%
河辺
73%
松田
73%
修善寺
73%
東田子の浦
73%
大津
73%
横須賀線 久里浜
73%
馬喰町
73%
市川
73%
船橋
73%
塩山
71%
吉原
71%
福山
71%
宇佐
71%
大分
71%
宮崎
71%
出雲市
71%
新川崎
71%
西大井
71%
福生
70%
東青梅
70%
伊東線 来宮
70%
安城
70%
尾張一宮
70%
三原
70%
岩国
70%
鳥栖
70%
八代
70%
逗子
70%
鹿島神宮
70%
舞浜
70%
蘇我
70%
藤野
69%
猿橋
69%
富士見
69%
河津
69%
蒲郡
69%
彦根
69%
三ノ宮
69%
尾道
69%
門司
69%
久留米
69%
川内
69%
別府
69%
鳥取
69%
新木場
69%
葛西臨海公園
69%
君津
69%
昭島
68%
三河安城
68%
大府
68%
枇杷島
68%
水俣
68%
瀬戸大橋線 児島
68%
予讃線 坂出
68%
米子
68%
新小岩
68%
津田沼
68%
稲毛
68%
銚子
68%
成田空港
68%
越中島
68%
伊豆急行線 伊豆高原
66%
刈谷
66%
稲沢
66%
徳山
66%
大牟田
66%
松江
66%
富士急ハイランド
65%
御嶽
65%
由比
65%
草薙
65%
長崎
65%
佐倉
65%
佐原
65%
京葉線 八丁堀
65%
海浜幕張
65%
安房鴨川
65%
木更津
65%
館山
65%
府中本町
65%
都留市
64%
東中神
64%
中神
64%
秋川
64%
山北
64%
網代
64%
興津
64%
熱田
64%
厚狭
64%
出水
64%
佐賀
64%
延岡
64%
宍道
64%
潮見
64%
上総一ノ宮
64%
武蔵野線 西船橋
64%
富士川
63%
蒲原
63%
佐世保
63%
佐伯
63%
福知山
63%
成東
63%
新浦安
63%
大網
63%
五井
63%
三郷
63%
羽村
61%
新蒲原
61%
西岐阜
61%
西鹿児島
61%
倉吉
61%
田浦
61%
四街道
61%
南船橋
61%
勝浦
61%
東浦和
61%
武蔵浦和
61%
梁川
60%
軍畑
60%
伊豆多賀
60%
穂積
60%
城崎
60%
衣笠
60%
市川塩浜
60%
東川口
60%
伊豆稲取
59%
木曽川
59%
糸崎
59%
小郡
59%
都城
59%
山陰本線 綾部
59%
豊岡
59%
二俣新町
59%
検見川浜
59%
茂原
59%
大原
59%
新松戸
59%
東所沢
59%
鳥沢
58%
東秋留
58%
武蔵増戸
58%
片浜
58%
宇部
58%
諫早
58%
中津
58%
安来
58%
東逗子
58%
都賀
58%
船橋法典
58%
吉川
58%
新秋津
58%
宇佐美
56%
清洲
56%
浜田
56%
56%
新習志野
56%
稲毛海岸
56%
新三郷
56%
西浦和
56%
長坂
55%
幸田
55%
小野田
55%
八日市場
55%
潮来
55%
姉ヶ崎
55%
北朝霞
55%
日向和田
54%
鳩ノ巣
54%
白丸
54%
武蔵引田
54%
西小坂井
54%
笠寺
54%
西条
54%
宮島口
54%
54%
八街
54%
香取
54%
牛浜
53%
愛知御津
53%
武雄温泉
53%
誉田
53%
南越谷
53%
新小平
53%
富士吉田
51%
小作
51%
駿河小山
51%
伊豆熱川
51%
東刈谷
51%
大高
51%
柳井
51%
下松
51%
防府
51%
黒崎
51%
行橋
51%
臼杵
51%
浜坂
51%
江津
51%
横芝
51%
新八柱
51%
三河三谷
50%
肥前山口
50%
日向市
50%
御宿
50%
新座
50%
北府中
50%
富士急行線 上大月
49%
五日市線 熊川
49%
南宮崎
49%
大田市
49%
市川大野
49%
共和
48%
新倉敷
48%
串木野
48%
伊集院
48%
肥前鹿島
48%
早岐
48%
香住
48%
松岸
48%
行川アイランド
48%
浜金谷
48%
南流山
48%
伊豆長岡
46%
安房小湊
46%
逢妻
45%
津久見
45%
千葉港
45%
上総湊
45%
沢井
44%
古里
44%
駿豆線 三島田町
44%
西岡崎
44%
阿久根
44%
土気
44%
下吉田
43%
二俣尾
43%
三河大塚
43%
高鍋
43%
三ヶ根
41%
鹿島線 十二橋
41%
外房線 鎌取
41%
千倉
41%
宮ノ平
40%
東山北
40%
石神前
38%
川井
38%
三つ峠
36%
寿
36%
飯岡
36%
東浪見
36%
内房線 八幡宿
36%
大場
35%
禾生
34%
足柄
34%
長浦
34%
上大井
33%
大仁
33%
長者町
33%
青堀
33%
上総興津
30%
大貫
30%
佐貫町
30%
御殿場線 下曽我
29%
相模金子
29%
太東
29%
富浦
29%
赤坂
28%
谷村町
28%
東桂
28%
月江寺
28%
葭池温泉前
26%
谷峨
26%
延方
26%
保田
26%
田野倉
25%
十日市場
25%
浪花
25%
小見川
24%
下総橘
24%
三門
23%
安房勝山
23%
成田線 水郷
21%
岩井
20%
笹川
19%
下総豊里
19%
椎柴
19%
滑川
16%
No matching quizzes found
Score Distribution
Percent of People with Each Score
Percentile by Number Answered
Your Score History
You have not taken this quiz since the last reset